| 000 | 00426pab a2200145 454500 | ||
|---|---|---|---|
| 008 | 180718b2015 xxu||||| |||| 00| 0 eng d | ||
| 100 | _aLakshmanasamy, T. | ||
| 245 | _aEconomics of business networks: theory and empirics of the structure and properties of the network among trading firms | ||
| 260 | _c2015 | ||
| 300 | _ap.49-79. | ||
| 362 | _aMar | ||
| 650 | _aEnterprises | ||
| 773 | _aArtha Vijnana | ||
| 909 | _a111725 | ||
| 999 |
_c111720 _d111720 |
||